| 000 | 00338cam a22001217a 4500 | ||
|---|---|---|---|
| 008 | 180718b1956 xxu||||| |||| 00| 0 eng d | ||
| 082 | _aB2 St82P | ||
| 100 | _aStrausz-Hupe, Robert | ||
| 245 |
_aPower and community _cby Robert Strausz-Hupe |
||
| 260 |
_aLondon _bAtlantic Press _c1956 |
||
| 300 | _a134p | ||
| 650 | _aPower (Social sciences). | ||
| 999 |
_c419945 _d419945 |
||